000 01182nam0a2200337 4500
001 RU\NLR\bibl\1088365
005 20260406081323.0
010 _a978-5-91181-044-3
_915000
021 _aRU
_b2007-25396
_91345
035 _a(nilc)RSL-KNO-002967847
035 _a(NLR Aleph) 001075522
090 _a1025682
_c1025682
100 _a20070521d2007 |||y0rusy50 ca
101 1 _arus
_cger
102 _aRU
105 _ay z |||||
200 1 _aПарфюмер
_eистория одного убийцы
_e[роман]
_fПатрик Зюскинд
_g[пер. с нем. Э. В. Венгеровой]
210 _aСанкт-Петербург
_cАзбука-классика
_d2007
215 _a343, [2] с.
_d22
225 1 _aAzbooka - the best
225 1 _aАзбука
300 _aНа обл. только загл. 1-й сер.
686 1 _aШ6(4Ф)07-440.4{Лх1359.2-50}
700 1 _4070
_8rus
_7ca
_aЗюскинд
_bП.
_gПатрик
_f1949-
_3RU\NLR\auth\7745477
_928415
801 0 _aRU
_bРКП
_c20061107
_grcr
801 1 _aRU
_bРГБ
_c20061107
801 2 _aRU
_bNLR
_c20061221
_grcr
942 _cBOOK
980 _aNB